Mathematical modelling of systems and analysis/ (Record no. 162123)

MARC details
000 -LEADER
fixed length control field 00607nam a2200193 4500
005 - DATE AND TIME OF LATEST TRANSACTION
control field 20190306110239.0
010 ## - LCCN (DPL NO)
LC control number ENG-124838
020 ## - INTERNATIONAL STANDARD BOOK NUMBER
International Standard Book Number 9788193593813
Terms of availability 350.00
035 ## - SYSTEM CONTROL NUMBER
System control number EN-108370
037 ## - SOURCE OF ACQUISITION
Source of stock number/acquisition DBAD/PUB
082 ## - DEWEY DECIMAL CLASSIFICATION NUMBER
Classification number 511.8
100 ## - MAIN ENTRY--PERSONAL NAME
Personal name Kamalanand,K.
245 ## - TITLE STATEMENT
Title Mathematical modelling of systems and analysis/
Statement of responsibility, etc by K.Kamalanane[and]P.Mannar Jawahar
260 ## - PUBLICATION, DISTRIBUTION, ETC. (IMPRINT)
Place of publication, distribution, etc Delhi
Name of publisher, distributor, etc PHI Learning
Date of publication, distribution, etc 2019
270 ## - ADDRESS
Address Rimjhim House,111,Patparganj,Industrial Estate,
City Delhi
Postal code 110092
300 ## - PHYSICAL DESCRIPTION
Extent 252p.
Dimensions 21cm(pbk)
Other physical details ill.
700 ## - ADDED ENTRY--PERSONAL NAME
Personal name Jawahar,Mannar P.
942 ## - ADDED ENTRY ELEMENTS (KOHA)
Source of classification or shelving scheme Dewey Decimal Classification
Item type English Books
Classification part 511.8
Call number suffix KAM
Holdings
Withdrawn status Lost status Not for loan Collection code Home library Current library Date acquired Source of acquisition Cost, normal purchase price Full call number Barcode Copy number Cost, replacement price Koha item type
      Non-fiction Patel Nagar Patel Nagar 06/03/2019 DBAD/PUB 350.00 511.8 KAM EN-108370 1 350.00 English Books

© Delhi Public Library
Hit Counter
free hit counter